Managerial Economics (Record no. 1093)

MARC details
000 -LEADER
fixed length control field 00445nam a22001697a 4500
005 - DATE AND TIME OF LATEST TRANSACTION
control field 20180321122631.0
008 - FIXED-LENGTH DATA ELEMENTS--GENERAL INFORMATION
fixed length control field 160519b xxu||||| |||| 00| 0 eng d
020 ## - INTERNATIONAL STANDARD BOOK NUMBER
ISBN 976-81-203-2060-4
041 ## - LANGUAGE CODE
Language code of text/sound track or separate title eng
082 ## - DEWEY DECIMAL CLASSIFICATION NUMBER
Item number 3172
Classification number 338.5024658
100 ## - MAIN ENTRY--AUTHOR NAME
Personal name Peterson / H. Craig Lewis / W.Cris
245 ## - TITLE STATEMENT
Title Managerial Economics
260 ## - PUBLICATION, DISTRIBUTION, ETC. (IMPRINT)
Place of publication New Delhi
Name of publisher PHI learning Pvt. Ltd.
Year of publication 2004
300 ## - PHYSICAL DESCRIPTION
Number of Pages 663
650 ## - SUBJECT ADDED ENTRY--TOPICAL TERM
Topical Term Management
942 ## - ADDED ENTRY ELEMENTS (KOHA)
Koha item type Books
Holdings
Lost status Damaged status Collection code Home library Current library Shelving location Date acquired Cost, normal purchase price Full call number Accession Number Koha item type
    MANAGEMENT JRU Library JRU Library SHELF-60-C 19/05/2016 250.00 338.5024658 3172 Books
    MANAGEMENT JRU Library JRU Library SHELF-60-C 19/05/2016 250.00 338.5024658 3173 Books
    MANAGEMENT JRU Library   SHELF-60-C 19/05/2016 250.00 338.5024658 3174 Books
    Reference JRU Library   SHELF-28-B 19/05/2016 250.00 338.5024658 3175 Books
    MANAGEMENT JRU Library JRU Library   19/05/2016 250.00 338.5024658 3176 Books
    MANAGEMENT JRU Library JRU Library   19/05/2016 250.00 338.5024658 3177 Books
    MANAGEMENT JRU Library JRU Library SHELF-60-C 19/05/2016 250.00 338.5024658 3178 Books
    MANAGEMENT JRU Library JRU Library   19/05/2016 250.00 338.5024658 3179 Books
    MANAGEMENT JRU Library JRU Library SHELF-60-C 19/05/2016 250.00 338.5024658 3180 Books
    MANAGEMENT JRU Library   SHELF-60-C 19/05/2016 295.00 338.5024658 3182 Books